[Event "ITT Raul Moiraghi"]
[Site "?"]
[Date "2008.07.29"]
[Round "1"]
[White "Perez Ponsa, Federico"]
[Black "Liascovich, Lucas"]
[Result "1/2-1/2"]
[WhiteElo "2326"]
[BlackElo "2435"]
[PlyCount "30"]
[EventDate "2008.07.30"]
[SourceDate "2008.07.30"]

1. e4 c5 2. Nf3 e6 3. d4 cxd4 4. Nxd4 Nf6 5. Nc3 Nc6 6. Ndb5 Bb4 7. a3 Bxc3+ 8.
Nxc3 d5 9. Bd3 dxe4 10. Nxe4 Nxe4 11. Bxe4 Qxd1+ 12. Kxd1 Bd7 13. Be3 O-O-O 14.
Ke2 e5 15. Rhd1 h6 1/2-1/2

[Event "ITT Raul Moiraghi"]
[Site "?"]
[Date "2008.07.29"]
[Round "1"]
[White "Valdes Escobar, Alvaro"]
[Black "Cunha, Eduardo"]
[Result "1-0"]
[WhiteElo "2302"]
[BlackElo "2227"]
[PlyCount "81"]
[EventDate "2008.07.30"]
[SourceDate "2008.07.30"]

1. e4 c5 2. Ne2 d6 3. c4 e5 4. Nbc3 Nf6 5. d3 Be7 6. g3 Nc6 7. Bg2 Bg4 8. h3
Be6 9. f4 g6 10. Nd5 Nd4 11. O-O Nxd5 12. exd5 Bd7 13. fxe5 dxe5 14. Nxd4 exd4
15. Qf3 f5 16. d6 Bxd6 17. Re1+ Be7 18. Bg5 Bc6 19. Bxe7 Bxf3 20. Bxd8+ Kxd8
21. Bxf3 Kd7 22. Re5 Rac8 23. Rae1 Rc7 24. Re7+ Kc8 25. Kf2 Rd7 26. b3 Rhd8 27.
R1e5 b6 28. Bc6 Rc7 29. Rxc7+ Kxc7 30. Re8 Rd6 31. Bd5 b5 32. Re7+ Kb6 33. Rb7+
Ka6 34. cxb5+ Ka5 35. Rxa7+ Kxb5 36. Bc4+ Kb4 37. a3+ Kc3 38. Rc7 g5 39. Rxc5
Rf6 40. a4 f4 41. Rxg5 1-0

[Event "ITT Raul Moiraghi"]
[Site "?"]
[Date "2008.07.29"]
[Round "1"]
[White "Granara, Sebastian"]
[Black "Cubas, Jose"]
[Result "0-1"]
[WhiteElo "2257"]
[BlackElo "2428"]
[PlyCount "142"]
[EventDate "2008.07.30"]
[SourceDate "2008.07.30"]

1. e4 e6 2. d4 d5 3. Nc3 Nf6 4. e5 Nfd7 5. f4 c5 6. Nf3 Nc6 7. Be3 a6 8. Qd2 b5
9. dxc5 Bxc5 10. Bxc5 Nxc5 11. Qf2 Qb6 12. Bd3 b4 13. Ne2 a5 14. Ng3 g6 15. O-O
Ba6 16. Ne2 Rb8 17. Bxa6 Nxa6 18. Qxb6 Rxb6 19. Ned4 Ke7 20. a3 Rc8 21. Nxc6+
Rcxc6 22. Nd4 Rc4 23. Rfd1 bxa3 24. b3 Rc5 25. Rxa3 Nb4 26. Rd2 Rb7 27. g4 Rbc7
28. f5 gxf5 29. gxf5 exf5 30. c3 Rxc3 31. Rxa5 Nd3 32. Ra6 Rc1+ 33. Kg2 Nf4+
34. Kf2 Nh3+ 35. Ke2 Nf4+ 36. Kf2 R7c3 37. Nxf5+ Kd7 38. Rd6+ Kc7 39. Ne7 Nd3+
40. Kg2 Nf4+ 41. Kf2 Nh3+ 42. Ke2 Ng1+ 43. Kf2 Nh3+ 44. Ke2 Nf4+ 45. Kf2 Nd3+
46. Kg2 Nxe5 47. Nxd5+ Kxd6 48. Nxc3+ Ke6 49. Ne2 Rb1 50. Nd4+ Kf6 51. Rf2+ Kg6
52. Nf3 Ng4 53. Nd2 Re1 54. Nf3 Rb1 55. Nd2 Rb2 56. Re2 f5 57. h3 Nf6 58. Kf2
Kh5 59. Nf3 Ne4+ 60. Ke3 f4+ 61. Kxe4 Rxe2+ 62. Kxf4 Rb2 63. Nd4 Rh2 64. b4
Rxh3 65. b5 Rh1 66. Ke5 Kg4 67. Kd5 h5 68. Kc6 h4 69. b6 Rc1+ 70. Kd6 Rb1 71.
Kc6 h3 0-1

[Event "ITT Raul Moiraghi"]
[Site "?"]
[Date "2008.07.30"]
[Round "2"]
[White "Obregon, Carlos"]
[Black "Granara, Sebastian"]
[Result "1-0"]
[WhiteElo "2399"]
[BlackElo "2257"]
[PlyCount "117"]
[EventDate "2008.07.30"]
[SourceDate "2008.07.31"]

1. e4 e5 2. Nf3 Nc6 3. Bb5 a6 4. Ba4 Nf6 5. d3 b5 6. Bb3 Bc5 7. O-O d6 8. a4
Rb8 9. c3 O-O 10. d4 Bb6 11. axb5 axb5 12. Qd3 Bg4 13. Nbd2 exd4 14. cxd4 Nb4
15. Qxb5 Bxd4 16. Qc4 Be5 17. Nxe5 dxe5 18. Qc3 Qd4 19. Bc4 Rfd8 20. Nb3 Qd6
21. f3 Be6 22. Bxe6 Qxe6 23. Nc5 Qc6 24. Be3 Nd3 25. Rfd1 Nxc5 26. Bxc5 Rxd1+
27. Rxd1 Qe6 28. b4 h5 29. h4 Rc8 30. Bf2 Nd7 31. Rd5 f6 32. Qd3 Nf8 33. b5 Ng6
34. g3 Kh7 35. Kg2 Ra8 36. Rc5 Rc8 37. Rc6 Qe8 38. Qc4 Rb8 39. Rxc7 Rxb5 40.
Rc8 Rb4 41. Qc7 Qe6 42. Ra8 Rc4 43. Qb7 Qc6 44. Qa7 Rc2 45. Rb8 Qc4 46. Rb7 Qg8
47. Rd7 Rc8 48. Qb7 Re8 49. Bc5 Qa2+ 50. Bf2 Qg8 51. Rc7 Rb8 52. Qc6 Rf8 53.
Qd7 Rd8 54. Qf5 Qe8 55. Qxf6 Rd7 56. Rxd7 Qxd7 57. Qg5 Qf7 58. Qxh5+ Kg8 59.
Qg4 1-0

[Event "ITT Raul Moiraghi"]
[Site "?"]
[Date "2008.07.30"]
[Round "2"]
[White "Cunha, Eduardo"]
[Black "Iermito, Sebastian"]
[Result "0-1"]
[WhiteElo "2227"]
[BlackElo "2385"]
[PlyCount "64"]
[EventDate "2008.07.30"]
[SourceDate "2008.07.31"]

1. e4 c5 2. Nf3 Nc6 3. d4 cxd4 4. c3 dxc3 5. Nxc3 e6 6. Bc4 Bc5 7. O-O Nge7 8.
Bg5 O-O 9. Bh4 a6 10. Rc1 b5 11. Bd5 Qb6 12. Bxe7 Bxe7 13. Re1 Bb7 14. Bb3 d6
15. Ne2 Rac8 16. Nf4 Ne5 17. Rxc8 Bxc8 18. Nxe5 dxe5 19. Nh5 g6 20. Re3 Qd4 21.
Rd3 Qxe4 22. Ng3 Qc6 23. Rc3 Qb6 24. Qc1 Qd8 25. Ne4 Bb7 26. Qh6 Bxe4 27. Rh3
g5 28. Rg3 Bg6 29. h4 gxh4 30. Rg4 Qd3 31. g3 Qf5 32. Bd1 Qb1 0-1

[Event "ITT Raul Moiraghi"]
[Site "?"]
[Date "2008.07.30"]
[Round "2"]
[White "Liascovich, Lucas"]
[Black "Valdes Escobar, Alvaro"]
[Result "1-0"]
[WhiteElo "2435"]
[BlackElo "2302"]
[PlyCount "69"]
[EventDate "2008.07.30"]
[SourceDate "2008.07.31"]

1. d4 Nf6 2. c4 e6 3. Nf3 b6 4. Nc3 Bb7 5. Bf4 Bb4 6. Nd2 O-O 7. e3 d5 8. Rc1
c5 9. a3 Bxc3 10. bxc3 Qe7 11. a4 Nbd7 12. Be2 e5 13. dxe5 Nxe5 14. O-O Rad8
15. cxd5 Rxd5 16. Qc2 Rfd8 17. Rcd1 Ng6 18. Bg3 R5d7 19. Bb5 Rd5 20. Rfe1 a6
21. Be2 Ne5 22. e4 R5d7 23. f3 Nh5 24. Bxe5 Qxe5 25. Nc4 Qc7 26. Rxd7 Rxd7 27.
Qb3 Nf4 28. Bf1 Bc6 29. Nxb6 Rd6 30. Nc4 Rg6 31. g3 h5 32. Rb1 Kh7 33. Qb8 Qxb8
34. Rxb8 f6 35. Kf2 1-0

[Event "ITT Raul Moiraghi"]
[Site "?"]
[Date "2008.07.30"]
[Round "2"]
[White "Paglilla, Carlos"]
[Black "Perez Ponsa, Federico"]
[Result "1/2-1/2"]
[WhiteElo "2343"]
[BlackElo "2326"]
[PlyCount "70"]
[EventDate "2008.07.30"]
[SourceDate "2008.07.31"]

1. e4 c5 2. Nc3 Nc6 3. g3 g6 4. Bg2 Bg7 5. d3 d6 6. f4 e6 7. Nf3 Nge7 8. O-O
O-O 9. Be3 Nd4 10. Qd2 d5 11. Bf2 Nxf3+ 12. Bxf3 d4 13. Ne2 e5 14. Bg2 Be6 15.
c4 Rb8 16. fxe5 Nc6 17. Nf4 Nxe5 18. h3 a6 19. g4 b5 20. b3 bxc4 21. bxc4 Qb6
22. Bg3 Qb2 23. Qd1 Qa3 24. Nxe6 fxe6 25. Rxf8+ Rxf8 26. Bxe5 Bxe5 27. Qe2 Bf4
28. Kh1 Rb8 29. Rf1 g5 30. e5 Qa5 31. h4 Qc7 32. hxg5 Bxg5 33. Be4 Qg7 34. Qh2
a5 35. a4 h6 1/2-1/2

[Event "ITT Raul Moiraghi"]
[Site "?"]
[Date "2008.07.31"]
[Round "3"]
[White "Valdes Escobar, Alvaro"]
[Black "Paglilla, Carlos"]
[Result "1/2-1/2"]
[WhiteElo "2302"]
[BlackElo "2343"]
[PlyCount "41"]
[EventDate "2008.07.30"]
[SourceDate "2008.08.01"]

1. e4 c5 2. Nf3 Nc6 3. d4 cxd4 4. Nxd4 Qc7 5. Nb5 Qb8 6. c4 a6 7. N5c3 e6 8.
Be2 Nf6 9. Be3 Be7 10. O-O O-O 11. a3 d6 12. b4 Qc7 13. Ra2 Ne5 14. Rc2 Bd7 15.
Nd2 Rac8 16. f4 Ng6 17. Nb3 Bc6 18. Bd3 Qb8 19. Nd4 Bd7 20. Be2 e5 21. Nf5
1/2-1/2

[Event "ITT Raul Moiraghi"]
[Site "?"]
[Date "2008.07.31"]
[Round "3"]
[White "Iermito, Sebastian"]
[Black "Liascovich, Lucas"]
[Result "1/2-1/2"]
[WhiteElo "2385"]
[BlackElo "2435"]
[PlyCount "22"]
[EventDate "2008.07.30"]
[SourceDate "2008.08.01"]

1. e4 Nc6 2. Nf3 d6 3. d4 Nf6 4. Nc3 g6 5. Be2 Bg7 6. O-O O-O 7. Bg5 h6 8. Bh4
Bg4 9. h3 Bxf3 10. Bxf3 Nd7 11. Ne2 g5 1/2-1/2

[Event "ITT Raul Moiraghi"]
[Site "?"]
[Date "2008.07.31"]
[Round "3"]
[White "Barrionuevo, Pablo"]
[Black "Cubas, Jose"]
[Result "1-0"]
[WhiteElo "2363"]
[BlackElo "2428"]
[PlyCount "51"]
[EventDate "2008.07.30"]
[SourceDate "2008.08.01"]

1. d4 d5 2. c4 c6 3. Nc3 Nf6 4. e3 a6 5. Nf3 b5 6. c5 Nbd7 7. b4 a5 8. bxa5
Qxa5 9. Bd2 Qc7 10. a4 bxa4 11. Rxa4 Rxa4 12. Qxa4 e5 13. Ba6 e4 14. Bxc8 Qxc8
15. Ng1 Bxc5 16. dxc5 O-O 17. Qd4 Re8 18. Nge2 Ne5 19. O-O Qg4 20. Kh1 Nf3 21.
gxf3 Qxf3+ 22. Kg1 Qg4+ 23. Ng3 Qh3 24. f3 exf3 25. Rxf3 Ng4 26. Qxg7+ 1-0

[Event "ITT Raul Moiraghi"]
[Site "?"]
[Date "2008.07.31"]
[Round "3"]
[White "Granara, Sebastian"]
[Black "Cunha, Eduardo"]
[Result "1-0"]
[WhiteElo "2257"]
[BlackElo "2227"]
[PlyCount "96"]
[EventDate "2008.08.02"]
[SourceDate "2008.08.02"]

1. e4 c5 2. c3 Nc6 3. d4 cxd4 4. cxd4 d5 5. exd5 Qxd5 6. Be3 e5 7. Nc3 Bb4 8.
dxe5 Qxe5 9. Nf3 Bxc3+ 10. bxc3 Qxc3+ 11. Bd2 Qf6 12. Rc1 Bg4 13. Bc3 Qe7+ 14.
Qe2 Nf6 15. Bxf6 gxf6 16. Qe3 Qxe3+ 17. fxe3 Ke7 18. Rb1 Rab8 19. Be2 Rhd8 20.
O-O Be6 21. Rb2 Ne5 22. Nd4 Bc4 23. Rfb1 Bd5 24. a4 Rbc8 25. Bf3 b6 26. Bxd5
Rxd5 27. Rd2 Rcc5 28. h3 Nc4 29. Rf2 Nd6 30. Rbf1 Ne4 31. Rf4 Re5 32. Kh2 Rc3
33. Nf3 Re6 34. Nd4 Re5 35. Nf3 Nd6 36. Nd4 f5 37. Rh4 Rexe3 38. Rxh7 Rc5 39.
Rh6 Rd3 40. Re1+ Kd7 41. Nf3 Ne4 42. Rh7 Ke7 43. Ng5 Kf6 44. Nxe4+ fxe4 45.
Rxe4 Rcd5 46. Rh6+ Kg7 47. Rc6 Rd7 48. h4 f6 1-0

[Event "ITT Raul Moiraghi"]
[Site "?"]
[Date "2008.08.01"]
[Round "4"]
[White "Obregon, Carlos"]
[Black "Barrionuevo, Pablo"]
[Result "1-0"]
[WhiteElo "2399"]
[BlackElo "2363"]
[PlyCount "37"]
[EventDate "2008.08.02"]
[SourceDate "2008.08.02"]

1. Nf3 Nf6 2. c4 g6 3. Nc3 d5 4. cxd5 Nxd5 5. Qa4+ Bd7 6. Qb3 Nb6 7. d4 Be6 8.
Qc2 Nc6 9. e4 Bg4 10. d5 Nb4 11. Qb3 a5 12. a3 Na6 13. Ne5 Bd7 14. Nxd7 Qxd7
15. Be3 a4 16. Nxa4 Nxa4 17. Bb5 c6 18. dxc6 bxc6 19. Rd1 1-0

[Event "ITT Raul Moiraghi"]
[Site "?"]
[Date "2008.08.01"]
[Round "4"]
[White "Liascovich, Lucas"]
[Black "Granara, Sebastian"]
[Result "1-0"]
[WhiteElo "2435"]
[BlackElo "2257"]
[PlyCount "110"]
[EventDate "2008.08.02"]
[SourceDate "2008.08.02"]

1. d4 d5 2. c4 c6 3. Nf3 Nf6 4. cxd5 cxd5 5. Nc3 Nc6 6. e3 g6 7. Ne5 Bg7 8.
Nxc6 bxc6 9. Be2 O-O 10. O-O Bf5 11. Qa4 Qb6 12. Qa3 Rfe8 13. Bd2 e5 14. Na4
Qc7 15. Bf3 exd4 16. exd4 Ne4 17. Be3 Bf8 18. Qb3 Bd6 19. h3 Rab8 20. Qd1 Bh2+
21. Kh1 Bf4 22. Bxe4 Bxe4 23. Re1 Bd6 24. Rc1 Qd7 25. Kg1 Bc7 26. b3 Qd6 27. g3
Qf6 28. Nc5 Bf3 29. Qd3 Ba5 30. Bd2 Be4 31. Qe3 Bxd2 32. Qxd2 Qf3 33. Nxe4 dxe4
34. Re3 Qf5 35. Kg2 Qd5 36. Qc3 Re6 37. Qc5 Qd7 38. a4 Rd8 39. Rc4 f5 40. b4
Rd6 41. Rec3 Rxd4 42. Rxd4 Qxd4 43. Qxc6 Rd7 44. Qc8+ Kg7 45. Rc7 Rxc7 46.
Qxc7+ Kh6 47. Qc5 Qd7 48. b5 Qd1 49. Qxa7 Qf3+ 50. Kg1 Qd1+ 51. Kh2 g5 52. Qe3
Qxa4 53. h4 f4 54. hxg5+ Kh5 55. Qxf4 Qxb5 1-0

[Event "ITT Raul Moiraghi"]
[Site "?"]
[Date "2008.08.01"]
[Round "4"]
[White "Paglilla, Carlos"]
[Black "Iermito, Sebastian"]
[Result "1/2-1/2"]
[WhiteElo "2343"]
[BlackElo "2385"]
[PlyCount "56"]
[EventDate "2008.08.02"]
[SourceDate "2008.08.02"]

1. e4 c5 2. Nc3 Nc6 3. g3 g6 4. Bg2 Bg7 5. d3 Rb8 6. f4 d6 7. Nf3 Bg4 8. h3
Bxf3 9. Bxf3 e6 10. O-O Nge7 11. a4 O-O 12. Ne2 a6 13. c3 b5 14. axb5 axb5 15.
Be3 b4 16. g4 Qb6 17. Bg2 Rfe8 18. Qd2 bxc3 19. bxc3 Qb2 20. Ra2 Qxd2 21. Bxd2
d5 22. e5 g5 23. f5 exf5 24. gxf5 Bxe5 25. Bxg5 f6 26. Be3 d4 27. cxd4 cxd4 28.
Bf4 Rbd8 1/2-1/2

[Event "ITT Raul Moiraghi"]
[Site "?"]
[Date "2008.08.01"]
[Round "4"]
[White "Perez Ponsa, Federico"]
[Black "Valdes Escobar, Alvaro"]
[Result "1/2-1/2"]
[WhiteElo "2326"]
[BlackElo "2302"]
[PlyCount "62"]
[EventDate "2008.08.02"]
[SourceDate "2008.08.02"]

1. e4 c5 2. Nf3 d6 3. d4 cxd4 4. Nxd4 Nf6 5. Nc3 a6 6. Bg5 e6 7. f4 Be7 8. Qf3
Qc7 9. O-O-O Nbd7 10. g4 b5 11. Bxf6 Nxf6 12. g5 Nd7 13. f5 Bxg5+ 14. Kb1 Ne5
15. Qh5 Qe7 16. Nxe6 Bxe6 17. fxe6 g6 18. exf7+ Kxf7 19. Qe2 Kg7 20. Nd5 Qd8
21. Qg2 Ra7 22. h4 Bh6 23. Be2 Rf7 24. h5 Qg5 25. Qh3 Rf2 26. Nc7 Qe3 27. Qxe3
Bxe3 28. Rhe1 Rc8 29. Nxa6 Nf3 30. Bxf3 Rcxc2 31. Rxe3 Rxb2+ 1/2-1/2

[Event "ITT Raul Moiraghi"]
[Site "?"]
[Date "2008.08.02"]
[Round "5"]
[White "Iermito, Sebastian"]
[Black "Perez Ponsa, Federico"]
[Result "0-1"]
[WhiteElo "2385"]
[BlackElo "2326"]
[PlyCount "102"]
[EventDate "2008.08.03"]
[SourceDate "2008.08.03"]

1. e4 c5 2. Nf3 d6 3. d4 cxd4 4. Nxd4 Nf6 5. Nc3 g6 6. f4 Nc6 7. Nxc6 bxc6 8.
e5 Nd7 9. exd6 exd6 10. Be3 Be7 11. Qd2 O-O 12. O-O-O Nf6 13. h3 d5 14. Qf2 Qa5
15. Bd4 c5 16. Bxf6 Bxf6 17. Nxd5 Bd4 18. Rxd4 cxd4 19. Ne7+ Kg7 20. Qxd4+ f6
21. Bc4 Ba6 22. Nc6 Qc7 23. Bxa6 Qxc6 24. Bd3 Rad8 25. Qxa7+ Rf7 26. Qe3 Re8
27. Qf3 Qa4 28. a3 Rfe7 29. Qd5 Qxf4+ 30. Kb1 Re5 31. Qd7+ R8e7 32. Qg4 Qe3 33.
h4 f5 34. Qf3 Qxf3 35. gxf3 Re1+ 36. Rxe1 Rxe1+ 37. Ka2 Kf6 38. a4 Ke6 39. a5
Kd6 40. b4 Rh1 41. b5 Rxh4 42. Kb3 Rd4 43. Bf1 Kc5 44. a6 Rd1 45. Be2 Re1 46.
Bc4 h5 47. Kb2 Kb6 48. Bd5 h4 49. c4 f4 50. c5+ Kxc5 51. a7 Re8 0-1

[Event "ITT Raul Moiraghi"]
[Site "?"]
[Date "2008.08.02"]
[Round "5"]
[White "Guerrero, Alvaro"]
[Black "Liascovich, Lucas"]
[Result "0-1"]
[WhiteElo "2154"]
[BlackElo "2435"]
[PlyCount "26"]
[EventDate "2008.08.03"]
[SourceDate "2008.08.03"]

1. d4 d5 2. c4 Bf5 3. Nc3 e6 4. Nf3 Nc6 5. e3 Nb4 6. Nd2 Nf6 7. Qa4+ Nd7 8. c5
Nc6 9. Bb5 Ncb8 10. b4 c6 11. Be2 b5 12. Qb3 a5 13. Ba3 Na6 0-1

[Event "ITT Raul Moiraghi"]
[Site "?"]
[Date "2008.08.02"]
[Round "5"]
[White "Cubas, Jose"]
[Black "Obregon, Carlos"]
[Result "1-0"]
[WhiteElo "2428"]
[BlackElo "2399"]
[PlyCount "51"]
[EventDate "2008.08.03"]
[SourceDate "2008.08.03"]

1. e4 e5 2. Nf3 Nc6 3. d4 exd4 4. Nxd4 Bc5 5. Be3 Qf6 6. c3 Nge7 7. Nc2 Bb6 8.
Nba3 Qe5 9. Be2 d5 10. exd5 Nxd5 11. Nc4 Qf5 12. O-O Be6 13. Re1 O-O-O 14. Qc1
Qg6 15. Nxb6+ axb6 16. Bg5 f6 17. Bh4 Bf5 18. Nd4 h5 19. a4 Nxd4 20. cxd4 Be4
21. f3 Bd3 22. a5 Rhe8 23. axb6 Rxe2 24. Rxe2 Bxe2 25. bxc7 Bxf3 26. Ra8+ 1-0

[Event "ITT Raul Moiraghi"]
[Site "?"]
[Date "2008.08.03"]
[Round "6"]
[White "Cunha, Eduardo"]
[Black "Cubas, Jose"]
[Result "0-1"]
[WhiteElo "2227"]
[BlackElo "2428"]
[PlyCount "114"]
[EventDate "2008.08.03"]
[SourceDate "2008.08.03"]

1. e4 c5 2. Nf3 d6 3. d4 cxd4 4. Nxd4 Nf6 5. Nc3 g6 6. Be3 Bg7 7. f3 a6 8. Bc4
Nbd7 9. Bb3 Nc5 10. Qd2 Qc7 11. O-O-O Be6 12. Nxe6 Nxb3+ 13. axb3 fxe6 14. e5
dxe5 15. Bh6 O-O 16. Bxg7 Kxg7 17. Rhe1 Rac8 18. Qe2 Qa5 19. Qxe5 Qxe5 20. Rxe5
Rc6 21. Ne2 Kf7 22. Nc3 Rfc8 23. Rd2 h6 24. g3 R8c7 25. Ree2 Rc5 26. Rd3 R5c6
27. Rdd2 Rd6 28. Ne4 Nxe4 29. fxe4 Rc5 30. Rf2+ Kg7 31. Kd1 Re5 32. Rfe2 Kf6
33. Rf2+ Kg5 34. Rf4 h5 35. Ke2 Kh6 36. h4 Kg7 37. Rd3 g5 38. hxg5 Rxd3 39.
Kxd3 Rxg5 40. Rf3 Rg6 41. b4 Rf6 42. Ke3 Kg6 43. c4 Kg5 44. Rxf6 exf6 45. Kf3
e5 46. c5 h4 47. gxh4+ Kxh4 48. Ke3 Kg4 49. Kd3 Kf4 50. Kc4 Kxe4 51. b5 axb5+
52. Kxb5 Kd5 53. b4 e4 54. Kb6 e3 55. Kxb7 e2 56. c6 e1=Q 57. b5 Qa5 0-1

[Event "ITT Raul Moiraghi"]
[Site "?"]
[Date "2008.08.03"]
[Round "6"]
[White "Liascovich, Lucas"]
[Black "Barrionuevo, Pablo"]
[Result "1/2-1/2"]
[WhiteElo "2435"]
[BlackElo "2363"]
[PlyCount "105"]
[EventDate "2008.08.03"]
[SourceDate "2008.08.03"]

1. Nf3 Nf6 2. c4 g6 3. Nc3 d5 4. cxd5 Nxd5 5. Qa4+ Bd7 6. Qh4 Nxc3 7. bxc3 c5
8. Rb1 b6 9. Ne5 Be6 10. e3 Bg7 11. Qa4+ Nd7 12. Nxd7 Bxd7 13. Bb5 Bxb5 14.
Qxb5+ Qd7 15. Qxd7+ Kxd7 16. c4 Kc6 17. Ke2 Rhd8 18. d3 Rd7 19. Rb3 Rad8 20. g4
Rh8 21. a4 h5 22. g5 Rhd8 23. f4 e6 24. Rf1 Rd6 25. Bd2 R6d7 26. a5 Rb7 27. e4
Bd4 28. Rfb1 Rdb8 29. a6 Rd7 30. Be3 Bxe3 31. Kxe3 Re8 32. Rd1 Rd4 33. Rf1 Rd7
34. Rf3 Rd6 35. Kd2 Re7 36. Kc3 Re8 37. Rb2 Re7 38. h3 Re8 39. h4 Re7 40. f5
exf5 41. exf5 Red7 42. fxg6 fxg6 43. Re2 b5 44. Rf6 b4+ 45. Kc2 Kc7 46. Rxd6
Rxd6 47. Re7+ Rd7 48. Re6 Rd6 49. Re7+ Rd7 50. Re6 Rd6 51. Rf6 Kc6 52. Kb3 Kc7
53. Kc2 1/2-1/2

[Event "ITT Raul Moiraghi"]
[Site "?"]
[Date "2008.08.03"]
[Round "6"]
[White "Perez Ponsa, Federico"]
[Black "Granara, Sebastian"]
[Result "1/2-1/2"]
[WhiteElo "2326"]
[BlackElo "2257"]
[PlyCount "32"]
[EventDate "2008.08.03"]
[SourceDate "2008.08.03"]

1. e4 e5 2. Nf3 Nc6 3. Bb5 a6 4. Ba4 Nf6 5. O-O b5 6. Bb3 Bc5 7. Nxe5 Nxe5 8.
d4 Bxd4 9. Qxd4 d6 10. f4 Nc6 11. Qc3 Bb7 12. e5 Ne4 13. Qe3 Na5 14. Nd2 Nxb3
15. axb3 Nxd2 16. Bxd2 O-O 1/2-1/2

[Event "ITT Raul Moiraghi"]
[Site "?"]
[Date "2008.08.03"]
[Round "6"]
[White "Valdes Escobar, Alvaro"]
[Black "Iermito, Sebastian"]
[Result "0-1"]
[WhiteElo "2302"]
[BlackElo "2385"]
[PlyCount "64"]
[EventDate "2008.08.03"]
[SourceDate "2008.08.03"]

1. c4 g6 2. Nc3 Bg7 3. g3 d6 4. Bg2 Nf6 5. e4 O-O 6. Nge2 c5 7. d3 Nc6 8. O-O
Ne8 9. Be3 Nd4 10. Rb1 a5 11. h3 Bd7 12. a4 Nc7 13. f4 e5 14. b3 Rb8 15. Qd2 f5
16. Nd5 Nxd5 17. exd5 Nxe2+ 18. Qxe2 exf4 19. Bxf4 Bd4+ 20. Kh2 Qf6 21. h4 Rbe8
22. Qf3 Be5 23. Rbe1 Bxf4 24. Qxf4 Kg7 25. d4 cxd4 26. Rd1 Re3 27. Rf3 Re4 28.
Qxe4 fxe4 29. Rxf6 Kxf6 30. Rf1+ Kg7 31. Rxf8 Kxf8 32. Bxe4 Bg4 0-1

[Event "ITT Raul Moiraghi"]
[Site "?"]
[Date "2008.08.03"]
[Round "7"]
[White "Guerrero, Alvaro"]
[Black "Perez Ponsa, Federico"]
[Result "0-1"]
[WhiteElo "2154"]
[BlackElo "2326"]
[PlyCount "136"]
[EventDate "2008.08.02"]
[SourceDate "2008.08.05"]

1. d4 Nf6 2. c4 c5 3. d5 e6 4. Nc3 exd5 5. cxd5 d6 6. Nf3 g6 7. g3 Bg7 8. Bg2
O-O 9. O-O a6 10. a4 Re8 11. Nd2 Nbd7 12. h3 Rb8 13. Nc4 Nb6 14. Na3 Bd7 15.
Bf4 Nh5 16. Bxd6 Bxc3 17. Bxb8 Bxb2 18. Ba7 Nxa4 19. Ra2 Qf6 20. Nb1 Ra8 21.
Rxa4 Bxa4 22. Qxa4 b5 23. Qc2 Rxa7 24. Qxc5 Rd7 25. e3 Qd6 26. Qc2 Bg7 27. Rc1
Nf6 28. Qc6 Bf8 29. e4 g5 30. Qc8 Re7 31. Rc6 Qe5 32. Nd2 a5 33. Qa6 Qd4 34.
Qxa5 b4 35. d6 Re5 36. Qd8 Re8 37. Qa5 Qxd2 38. Qf5 Bg7 39. Kh2 Qd4 40. e5 Qxe5
41. Qxe5 Rxe5 42. Rc8+ Bf8 43. Bc6 Kg7 44. d7 Nxd7 45. Bxd7 Re2 46. Kg2 b3 47.
Rb8 Rb2 48. Ba4 Bc5 49. Rxb3 Rxf2+ 50. Kh1 Ra2 51. Bc6 Rd2 52. Be4 h5 53. g4 h4
54. Rc3 Bb4 55. Rc2 Rd4 56. Re2 Bd6 57. Kg2 Rb4 58. Bf3 Rb1 59. Bd5 Bc5 60. Rc2
Bb6 61. Kf3 Rg1 62. Ke4 Rg3 63. Kf5 Rxh3 64. Kxg5 Bd8+ 65. Kh5 Re3 66. g5 Re5
67. Bxf7 Rxg5+ 68. Kxh4 Rc5+ 0-1

[Event "ITT Raul Moiraghi"]
[Site "?"]
[Date "2008.08.03"]
[Round "7"]
[White "Barrionuevo, Pablo"]
[Black "Paglilla, Carlos"]
[Result "1/2-1/2"]
[WhiteElo "2363"]
[BlackElo "2343"]
[PlyCount "79"]
[EventDate "2008.08.02"]
[SourceDate "2008.08.05"]

1. d4 Nf6 2. Bg5 e6 3. e4 h6 4. Bxf6 Qxf6 5. c3 e5 6. Nf3 exd4 7. cxd4 Bb4+ 8.
Nc3 O-O 9. Bd3 d6 10. O-O Bxc3 11. bxc3 Bg4 12. Be2 Nd7 13. Nd2 Bxe2 14. Qxe2
c5 15. Qb5 Nb6 16. Nf3 Qe7 17. Rfe1 Rab8 18. Rad1 Rfd8 19. e5 cxd4 20. Rxd4
dxe5 21. Rxe5 Qf6 22. h3 a6 23. Qe2 Rxd4 24. cxd4 Qc6 25. Rc5 Qd6 26. Qe4 Nd7
27. Rc2 Nf6 28. Qf5 Rd8 29. Rc8 b5 30. Qc2 Rxc8 31. Qxc8+ Kh7 32. Qb7 Qe6 33.
a3 Nd5 34. Ne5 f6 35. Nd7 Qe1+ 36. Kh2 Qe4 37. Nf8+ Kg8 38. Qc8 Qf4+ 39. Kg1
Ne7 40. Qe8 1/2-1/2

[Event "ITT Raul Moiraghi"]
[Site "?"]
[Date "2008.08.03"]
[Round "7"]
[White "Cubas, Jose"]
[Black "Liascovich, Lucas"]
[Result "1/2-1/2"]
[WhiteElo "2428"]
[BlackElo "2435"]
[PlyCount "56"]
[EventDate "2008.08.02"]
[SourceDate "2008.08.06"]

1. e4 c5 2. Nf3 e6 3. d4 cxd4 4. Nxd4 Nf6 5. Nc3 Nc6 6. Ndb5 Bb4 7. a3 Bxc3+ 8.
Nxc3 d5 9. Bd3 dxe4 10. Nxe4 Nxe4 11. Bxe4 Qxd1+ 12. Kxd1 Bd7 13. Bd2 e5 14.
Re1 O-O-O 15. f3 f6 16. Kc1 Nd4 17. Be3 Bc6 18. Bxc6 Nxc6 19. c3 b6 20. Kc2 Kc7
21. Rad1 b5 22. Bc5 a6 23. b4 Rxd1 24. Rxd1 Rd8 25. Ra1 Kb7 26. a4 h5 27. axb5
axb5 28. Ra2 Ra8 1/2-1/2

[Event "ITT Raul Moiraghi"]
[Site "?"]
[Date "2008.08.03"]
[Round "7"]
[White "Obregon, Carlos"]
[Black "Cunha, Eduardo"]
[Result "1-0"]
[WhiteElo "2399"]
[BlackElo "2227"]
[PlyCount "97"]
[EventDate "2008.08.02"]
[SourceDate "2008.08.06"]

1. e4 c5 2. Nf3 d6 3. d4 cxd4 4. Nxd4 Nf6 5. Nc3 a6 6. f4 e5 7. Nf3 Nbd7 8. a4
b6 9. Bd3 Bb7 10. O-O Be7 11. Kh1 O-O 12. Bd2 Rc8 13. Qe2 exf4 14. Bxa6 Bxa6
15. Qxa6 Nh5 16. Nd5 Rxc2 17. Bc3 Bf6 18. Nxf6+ Ndxf6 19. Qd3 Rxc3 20. bxc3 Ng4
21. Ra2 Qf6 22. Rd2 Qh6 23. Kg1 Ne3 24. Rb1 Qe6 25. Rxb6 Nc4 26. Nd4 Qh6 27.
Qxc4 f3 28. Nxf3 Qe3+ 29. Kf1 Qxb6 30. Qb5 Qc5 31. Rd5 Qxb5+ 32. axb5 Nf6 33.
Rxd6 Nxe4 34. Rc6 Rb8 35. Ke2 Kf8 36. Nd4 Ke8 37. Kd3 Nf6 38. c4 Kd7 39. Ra6
Ng4 40. c5 Rc8 41. Ra7+ Ke8 42. c6 g6 43. h3 Ne5+ 44. Ke4 Nc4 45. Kd5 Ne3+ 46.
Kc5 Rd8 47. c7 Rc8 48. Kc6 Nc4 49. b6 1-0

[Event "ITT Raul Moiraghi"]
[Site "?"]
[Date "2008.08.05"]
[Round "8"]
[White "Liascovich, Lucas"]
[Black "Obregon, Carlos"]
[Result "1/2-1/2"]
[WhiteElo "2435"]
[BlackElo "2399"]
[PlyCount "92"]
[EventDate "2008.08.02"]
[SourceDate "2008.08.06"]

1. d4 Nf6 2. Bg5 e6 3. Nf3 h6 4. Bh4 c5 5. c3 b6 6. e3 Bb7 7. Nbd2 Be7 8. a3 d6
9. Bxf6 Bxf6 10. Bd3 Nc6 11. O-O O-O 12. Qe2 a6 13. b4 cxd4 14. cxd4 d5 15.
Rac1 g6 16. Rc2 Bg7 17. Rfc1 Qd6 18. Nb1 Rfe8 19. h3 Re7 20. Nc3 b5 21. Qd1 e5
22. dxe5 Nxe5 23. Nxe5 Bxe5 24. Ne2 d4 25. Nxd4 Bxd4 26. exd4 Qxd4 27. Bf1 Qf6
28. Qd2 Kg7 29. Rc7 Rae8 30. Rxe7 Rxe7 31. Qc3 Qxc3 32. Rxc3 Re1 33. f3 Bd5 34.
Kf2 Ra1 35. Be2 h5 36. h4 Kf6 37. g3 Ke5 38. Ke3 Re1 39. f4+ Ke6 40. Kf2 Rh1
41. Ke3 Re1 42. Kf2 Ra1 43. Ke3 Ra2 44. Bf1 Ra1 45. Be2 Ra2 46. Bf1 Ra1 1/2-1/2